| 000 | 00425nam a2200169Ia 4500 | ||
|---|---|---|---|
| 008 | 230917s9999||||xx |||||||||||||| ||und|| | ||
| 020 | _cRS195 | ||
| 040 |
_e26249 _aMAIN |
||
| 041 | _aEnglish | ||
| 082 | _a519.5 G219S | ||
| 100 | _aGarrett, Henry E | ||
| 245 | 0 | _aStatistics: In psychology and education | |
| 250 | _a10th ed. | ||
| 260 |
_aBombay _bVakils, Feffer & Simons _c1981 |
||
| 300 | _axii, 491 p. | ||
| 942 | _cBK | ||
| 999 |
_c65927 _d65927 |
||